000 00717nam a2200205Ii 4500
003 JO-AjNU
008 230605s9999||||xx |||||||||||||| ||und||
040 _aJO-AjNU
_bara
_erda
_cJO-AjNU
041 _aara
050 1 4 _aBP144.J5422 2002
100 3 _aالحسني، عبد القادر الجيلاني ؛ تعليق عبد الجليل عبد السلام,
_eauthor
_956583
245 0 0 _aالسفينة القادرية
250 _aط1
264 3 1 _aبيروت: دار الكتب العلمية، 2002
300 _a256ص
336 _atext
_btxt
_2rdacontent
337 _aunmediated
_bn
_2rdamedia
338 _avolume
_bnc
_2rdacarrier
650 4 _aالفقه الاسلامي- شعر اسلامي
_956584
999 _aA25304
_c28872
_d28872